[Event "THA-chT"]
[Site "Bangkok"]
[Date "2015.12.13"]
[Round "9.1"]
[White "Sakdavisarak, Komgrib"]
[Black "Ecot, Lourecel"]
[Result "0-1"]
[WhiteElo "1619"]
[BlackElo "1961"]
[PlyCount "72"]
[EventDate "2015.12.04"]
[EventType "team-swiss"]
[EventRounds "9"]
[EventCountry "THA"]
[SourceTitle "CBM 170 Extra"]
[Source "ChessBase"]
[SourceDate "2016.02.25"]
[SourceVersion "1"]
[SourceVersionDate "2016.02.25"]
[SourceQuality "1"]
[WhiteTeam "Aquaman"]
[BlackTeam "Assumption Association"]
[WhiteTeamCountry "THA"]
[BlackTeamCountry "THA"]

1. d4 Nf6 2. c4 e6 3. Nc3 Bb4 4. Bd2 c5 5. e3 cxd4 6. exd4 0-0 7. Nf3 b6 8. Be2 Bb7 9. 0-0 d5 10. Qb3 Be7 11. a4 dxc4 12. Qxc4 Ba6 13. Nb5 Nc6 14. Qb3 Bb7 15. Bc3 Nd5 16. Rad1 Nxc3 17. bxc3 Na5 18. Qb2 Bc6 19. Ne5 Bb7 20. Bf3 Bxf3 21. Nxf3 Nc4 22. Qe2 Na5 23. Rfe1 a6 24. Na3 Qc7 25. Qb2 Rfc8 26. Nb1 Nc4 27. Qe2 Bd6 28. g3 Qc6 29. Ng5 g6 30. Ne4 Be7 31. h4 Ra7 32. Rc1 Rd7 33. Rc2 Rd5 34. Ra2 Ra5 35. Nbd2 Na3 36. Rc1 f5 0-1